Moderní platforma pro řešení business process managementu

Business process management (BPM) - manažérska disciplína a súčasne technológia, ktorá sa využíva pre procesne orientované riadenie podniku. Pre modelovanie procesov sa používa tzv. Camunda modeler, ktorý umožňuje vizuálne modelovať podnikové procesy. Camunda ako moderná platforma pre riešenie BPM.

Saved in:
Bibliographic Details
Main Author: Faber, Petr
Format: Book Chapter
Language:Czech
Subjects:
Tags: Add Tag
No Tags, Be the first to tag this record!

MARC

LEADER 00000naa a2200000 4500
001 0291364
005 20240417075229.1
041 0 |a cze 
044 |a CZ 
245 1 0 |a Moderní platforma pro řešení business process managementu  |c Petr Faber 
520 |a Business process management (BPM) - manažérska disciplína a súčasne technológia, ktorá sa využíva pre procesne orientované riadenie podniku. Pre modelovanie procesov sa používa tzv. Camunda modeler, ktorý umožňuje vizuálne modelovať podnikové procesy. Camunda ako moderná platforma pre riešenie BPM. 
610 2 0 |a riadenie podnikové 
610 2 0 |a procesy podnikové 
610 2 0 |a efektívnosť 
610 2 0 |a technológie informačné 
610 2 0 |a technológie komunikačné 
100 1 |a Faber, Petr